| 000 | 00412nam a2200157Ia 4500 | ||
|---|---|---|---|
| 008 | 240729s9999 xx 000 0 und d | ||
| 022 | _a2673-9496 | ||
| 245 | 0 | _aAquaculture Journal | |
| 260 | _aSwitzerland | ||
| 260 | _bMDPI AG | ||
| 650 | _a Aquaculture. Fisheries. Angling | ||
| 650 | _aAgriculture | ||
| 856 | _uhttps://doaj.org/toc/2247aab4aa3548208b7e5fd9ce5cefa9 | ||
| 942 | _2ddc | ||
| 942 | _cDOAJEJ | ||
| 999 |
_c68407 _d68407 |
||
| 945 |
_a1 _bMadushi Gamage _c1 _dMadushi Gamage |
||